00712nam a2200193Ia 4500008004100000020001800041082001700059100006100076245006300137250000800200260004200208300003000250500001900280600002700299650001500326942000700341952015500348999001500503240925s9999 xx 000 0 und d a9788131720479 a629.8312 HOP aHopcroft, E. John; Motwani, Rajeev; Ullman ,Jeffrey D. 0aIntroduction to Automata Theory, Languages and Computation a3rd aNew Delhi:bPearson Educationc,2007. axxiv,834p.bNAfPhotocopy aIncludes Index aElectronic Engineering aTechnology cBK 001040708ELaUITUbUITUd2008-05-06eCitizen Book Shopg325.00l1o629.8312 HOPpQ7470q2026-11-04r2026-04-28 12:49:18s2026-04-28w2024-09-25yBK c9969d9969